Países con más McDonald's - Estadísticas

Estadísticas generales
  • Esta prueba ha sido intentada 8.776 veces
    8.737 desde el último reinicio
  • La puntuación promedio es 15 de 20
Estadísticas de respuestas
Cantidad de McDonald's País % Correcto
13.449 Estados Unidos
100%
599 España
98%
1.559 Francia
97%
5.903 China
95%
1.385 Alemania
94%
1.466 Canadá
94%
369 México
94%
709 Italia
92%
2.982 Japón
91%
1.434 Reino Unido
90%
2.704 Brasil
87%
1.032 Australia
82%
581 India
82%
546 Polonia
72%
399 Corea del Sur
70%
377 Sudáfrica
55%
412 Arabia Saudita
45%
740 Filipinas
37%
371 Malasia
30%
409 Taiwán
25%
No se encontraron pruebas coincidentes
Distribución de puntuación
Porcentaje de gente con cada puntuación
Porcentaje por número respondido
Historial de tus puntuaciones
No has intentado esta prueba desde el último reinicio